| 000 | 00553nam a22001577a 4500 | ||
|---|---|---|---|
| 999 |
_c128100 _d128100 |
||
| 005 | 20220829120310.0 | ||
| 008 | 220829b ||||| |||| 00| 0 eng d | ||
| 040 | _cPK-LaUMT | ||
| 082 |
_aAPC 297.4092 _bMOH-M |
||
| 100 | _aMohsin Munawar Yusif, Muhammad = محسن منور یوسفی، محمد | ||
| 245 |
_aMohsin bazaban Mohsin = محسن بزبان محسن / _cby Muhammad Mohsin Munawar Yusufi = محمد محسن منور یوسفی |
||
| 250 | _a5th ed. | ||
| 260 |
_aLahore : _bMaktabah Mohsin, _c2016 |
||
| 300 | _a190 p. | ||
| 942 | _cBK | ||